Food that start with the letter C - Statistics

General Stats
  • This quiz has been taken 113 times
  • The average score is 16 of 20
Answer Stats
Picture Hint Answer % Correct
corn
98%
carrot
90%
cupcake
90%
croissant
88%
cereal
87%
cabbage
86%
cheesecake
86%
celery
83%
chicken
83%
cauliflower
82%
cheeseburger
82%
cookies
79%
churro
78%
chilli
77%
crab
76%
cashews
70%
chocolate
69%
cinnamon roll
54%
type of cheese cottage cheese
54%
clam
39%
No matching quizzes found
Score Distribution
Percent of People with Each Score
Percentile by Number Answered
Your Score History
You have not taken this quiz